000 00434nam a2200145 a 4500
001 000031449
005 20200930062934.0
008 110622s19uu dr 000 0 spa d
040 _aDO-SdBNP
_bspa
_cBNPHU
082 _axxxx
_bP436l
100 1 _aPereira, Francisco
_957855
245 1 3 _aLa leyenda del fuego /
_cFrancisco Pereira Hijo.
260 _a[Santo Domingo]. :
_bImp. E. M. Casanova N.,
_c[19--?].
300 _a[16 p.] ;
_c15 cm.
999 _c30941
_d30941